Amor y Occidente (Record no. 202197)

MARC details
000 -CABECERA
campo de control de longitud fija 00901nam a2200301 a 4500
003 - IDENTIFICADOR DEL NÚMERO DE CONTROL
campo de control MX-MxUPN
005 - FECHA Y HORA DE LA ÚLTIMA TRANSACCIÓN
campo de control 20240910064149.0
008 - ELEMENTOS DE LONGITUD FIJA--INFORMACIÓN GENERAL
campo de control de longitud fija 190404s1993 mx rb 000 0 spa d
020 ## - NÚMERO INTERNACIONAL NORMALIZADO PARA LIBROS
Número Internacional Estándar del Libro 9682953081
035 ## - NÚMERO DE CONTROL DEL SISTEMA
Número de control de sistema UPN01000230102
040 ## - FUENTE DE LA CATALOGACIÓN
Centro catalogador/agencia de origen MX-MxUPN
Lengua de catalogación spa
Centro/agencia transcriptor MX-MxUPN
041 1# - CÓDIGO DE IDIOMA
Código de lengua del texto/banda sonora o título independiente spa
Código de lengua original fre
050 14 - SIGNATURA TOPOGRÁFICA DE LA BIBLIOTECA DEL CONGRESO
Número de clasificación HQ21
Número de documento/Ítem R86 1993
100 1# - ASIENTO PRINCIPAL--NOMBRE PERSONAL
Nombre de persona Rougemont, Denis de,
Fechas asociadas al nombre 1906-1985
9 (RLIN) 47557
240 10 - TÍTULO UNIFORME
Título uniforme Amor et l'occident.
Lenguaje de la obra Español
245 10 - MENCIÓN DE TÍTULO
Título Amor y Occidente
250 ## - MENCIÓN DE EDICIÓN
Mención de edición Primera edición.
260 ## - PUBLICACIÓN, DISTRIBUCIÓN, ETC.
Lugar de publicación, distribución, etc. México, D.F. :
Nombre del editor, distribuidor, etc. Consejo Nacional para la Cultura y las Artes,
Fecha de publicación, distribución, etc. 1993.
300 ## - DESCRIPCIÓN FÍSICA
Extensión 356 páginas
490 0# - MENCIÓN DE SERIE
Mención de serie Cien del mundo
504 ## - NOTA DE BIBLIOGRAFÍA, ETC.
Nota de bibliografía, etc. Incluye referencias bibliográficas.
600 04 - ASIENTO SECUNDARIO DE MATERIA - NOMBRE PERSONAL
Nombre de persona Tristán
Títulos y otros términos asociados al nombre (Personaje legendario)
9 (RLIN) 47558
650 #4 - ASIENTO SECUNDARIO DE MATERIA - TERMINO TEMATICO
Término de materia o nombre geográfico como elemento de entrada Amor
9 (RLIN) 4320
700 1# - ASIENTO SECUNDARIO--NOMBRE DE PERSONAL
Nombre de persona Xirau, Ramón
Término indicativo de función/relación traductor
9 (RLIN) 29505
902 ## - ELEMENTOS DE DATOS B LOCAL, LDB (RLIN)
Creó Víctor Ruiz/071222
942 ## - ELEMENTOS DE PUNTO DE ACCESO ADICIONAL (KOHA)
Fuente del sistema de clasificación o colocación Library of Congress Classification
Tipo de ítem Koha Libro
Holdings
Estado de retiro Estado de pérdida Fuente del sistema de clasificación o colocación Estado dañado No para préstamo Código de colección Localización permanente Ubicación/localización actual Ubicación en estantería Fecha de adquisición Clasificación Código de barras Fecha visto por última vez Tipo de ítem Koha
    Library of Congress Classification     Colección General Bib. Gregorio Torres Quintero Bib. Gregorio Torres Quintero Planta baja 07/12/2022 HQ21 R86 1993 330472 31/12/2020 Libro